| 000 | 01220 a2200157 4500 | ||
|---|---|---|---|
| 003 | Nust | ||
| 005 | 20230208113630.0 | ||
| 040 | _cNust | ||
| 082 | _a954.330,ANS | ||
| 100 |
_aVera Anstey _9108733 |
||
| 245 |
_aThe Economic Devleopment of India / _cVera Anstey |
||
| 260 |
_aLondon _bLongman publishers _c1942 |
||
| 300 | _a581 pages | ||
| 505 | _aIntroduction (Page-1), The Resources of India (Page- 11), Population, Social Organization, and Economic Development (Page- 38), Public Health and Economic Development (Page- 66), economic Organization (Page- 96), Transport and Communications (Page- 128), Agricultural and Allied Problems and Policy (Page- 155), The Trend of Industry and Industrial Policy (Page- 207), India’s Large-Scale Industries (Page- 234), India’s Large-Scale Industries (continued) (Page- 260), The Protection of Industrial Labor by the State and by Voluntary Organization (Page- 294), The Trend of Foreign Trade and of Commercial Policy (Page-329), The Financial System and Financial Developments (Page- 364), Banking and Currency (Page-403), The Prosperity of the People (Page- 433), Conclusions (Page- 470), Economic Developments Since 1929 (Page- 488). | ||
| 942 |
_2ddc _cBK _k954.330,ANS |
||
| 999 |
_c194008 _d194008 |
||